000 00422nam a2200133Ia 4500
008 210430s9999 xx 000 0 und d
020 _a978-521-16684-3
082 _a621.381 M679 I
100 _aVladimir V. Mitin
_954445
245 _aIntroduction to Nanoelectronics Science Nanotechnology ,Engineering and Applications
_cVladimir V. Mitin
260 _aNew york
_bCambridge
_c2008
300 _a329 p
942 _cBK
_2ddc
999 _c565043
_d565043